Statistiques concernant Pays du monde sans carte

Cliquez ici pour prendre le quiz!

Statistiques générales

  • Ce quiz a été pris 1 722 fois
  • Le résultat moyen est 166 sur 196

Statistiques - réponses

Réponse% Correct
Canada
95%
France
95%
Etats-unis
94%
Espagne
93%
Algérie
91%
Argentine
91%
Belgique
91%
Brésil
91%
Chili
91%
Finlande
91%
Portugal
91%
Russie
91%
Allemagne
90%
Andorre
90%
Australie
90%
Chine
90%
Islande
90%
Maroc
90%
Norvège
90%
Suède
90%
Colombie
89%
Corée du Nord
89%
Corée du Sud
89%
Egypte
89%
Estonie
89%
Irlande
89%
Japon
89%
Lituanie
89%
Mexique
89%
Pérou
89%
Pologne
89%
République Démocratique du Congo
89%
République du Congo
89%
Suisse
89%
Uruguay
89%
Vatican
89%
Afghanistan
88%
Afrique du Sud
88%
Albanie
88%
Autriche
88%
Biélorussie
88%
Iran
88%
Italie
88%
Lettonie
88%
Luxembourg
88%
Monaco
88%
Nouvelle-Zélande
88%
Paraguay
88%
Pays-Bas
88%
Royaume-Uni
88%
Slovénie
88%
Arabie Saoudite
87%
Croatie
87%
Danemark
87%
Equateur
87%
Grèce
87%
Guinée
87%
Hongrie
87%
Inde
87%
Indonésie
87%
Irak
87%
Israel
87%
Libye
87%
Pakistan
87%
Saint-Marin
87%
Slovaquie
87%
Tunisie
87%
Ukraine
87%
Vénézuela
87%
Arménie
86%
Bolivie
86%
Cuba
86%
Ethiopie
86%
Guatemala
86%
Guyana
86%
Honduras
86%
Kazakhstan
86%
Kosovo
86%
Laos
86%
Liechtenstein
86%
Malte
86%
Ouzbékistan
86%
Roumanie
86%
Serbie
86%
Soudan
86%
Suriname
86%
Yémen
86%
Angola
85%
Costarica
85%
Macédoine du Nord
85%
Mali
85%
Mongolie
85%
Monténégro
85%
Panama
85%
Qatar
85%
Sénégal
85%
Syrie
85%
Thailande
85%
Viet Nam
85%
Azerbaidjan
84%
Bosnie-Herzégovine
84%
Bulgarie
84%
Fidji
84%
Haiti
84%
Jamaique
84%
Jordanie
84%
Kenya
84%
Liban
84%
Mauritanie
84%
Moldavie
84%
Nicaragua
84%
Niger
84%
Oman
84%
République dominicaine
84%
République tchèque
84%
Salvador
84%
Somalie
84%
Soudan du Sud
84%
Togo
84%
Turkménistan
84%
Zambie
84%
Zimbabwe
84%
Belize
83%
Cambodge
83%
Chypre
83%
Erythrée
83%
Géorgie
83%
Ghana
83%
Guinée équatoriale
83%
Malaisie
83%
Namibie
83%
Népal
83%
Nigeria
83%
Taiwan
83%
Tchad
83%
Turquie
83%
Bénin
82%
Birmanie
82%
Cap-Vert
82%
Côte d'Ivoire
82%
Emirats arabes unis
82%
Koweit
82%
Lesotho
82%
Madagascar
82%
Mozambique
82%
Rwanda
82%
Sainte-Lucie
82%
Tadjikistan
82%
Tanzanie
82%
Barbade
81%
Cameroun
81%
Djibouti
81%
Gambie
81%
Guinée-Bissau
81%
Saint-Christophe et Niévès
81%
Singapour
81%
Sri Lanka
81%
Bahrein
80%
Bangladesh
80%
Bhoutan
80%
Brunéi
80%
Comores
80%
Dominique
80%
Eswatini
80%
Gabon
80%
Libéria
80%
Ouganda
80%
Saint-Vincent et les Grenadines
80%
Seychelles
80%
Sierra Leone
80%
Vanuatu
80%
Bahamas
79%
Botswana
79%
Maldives
79%
Marshall
79%
Maurice
79%
Papouasie-Nouvelle-Guinée
79%
Philippines
79%
Tonga
79%
Tuvalu
79%
Antigua-et-Barbuda
78%
Burkina Faso
78%
Burundi
78%
Micronésie
78%
République centrafricaine
78%
Salomon
78%
Samoa
78%
Grenade
77%
Sao-Tomé et Principe
77%
Timor oriental
77%
Kiribati
76%
Nauru
76%
Palaos
76%
Trinité-et-Tobago
74%
Kirghizistan
73%
Malawi
73%

Distribution des résultats

Percentile par nombre de réponses

% des personnes avec chaque résultat

Votre développement - résultats

Vous n’avez pas pris ce quiz